01415nam a22003855a 4500003000900000005001700009008004100026020001800067020002400085040004300109041001300152043001200165082002200177100003100199245012400230264006100354264001000415300005700425336002600482337002800508338002700536490002900563504004100592546005900633650002400692650003000716651001000746653001800756655002400774700003100798700004700829942001200876999001700888952012400905EG-ScBUE20220822092612.0170508t2013 ko a f b 000 0 eng d a9788973755806 a9788973755783 (set) aEG-ScBUEbengerdacEG-ScBUEdEG-ScBUE aenghkor aa-ko---04a709.5195bTAE2221 aTaek, Park Young,eauthor.10aK-art :buniversal works reach global audience /cwriter, Park Young Taek ; translator, Mah Eunji, Leah Moonyoung Park. 1aKorea :bKorean Culture and Information Service,c[2013] 4cc2013 a123 pages :billustrations (chiefly color) ;c20 cm. 2rdacontentatextbtxt 2rdamediaaunmediatedbn 2rdacarrieravolumebnc0 aKorean culture ;vno. 10 aIncludes bibliographical references. aText in English ; translated from the original Korean. 7aArt, Korean.2BUEsh 7aArtzKorea (South)2BUEsh 2BUEsh bGGENcMay2017 vReading book9342321 aEunji, Mah, etranslator.1 aPark, Leah Moonyoung, etranslator.939170 2ddccBB c24798d24770 00102ddc40708Korean culaMAINbMAINc2NDd2017-05-08eDonationl0o709.5195 TAEp000041816r2025-11-13 00:00:00yBB